000 01199 a2200229 4500
001 13662
005 20260407155444.0
008 260407a2000 arg spa d
003 AR-UNSa-BCEJYS
040 _aAR-UNSa-BCEJYS
_bspa
_cAR-UNSa-BCEJYS
080 _a657.6
_xAuditoria (control interno)
245 1 0 _aEl informe del auditor
020 _a950-739-853-8
264 1 _aBuenos Aires :
_bErrepar
_c2000
300 _axxv, 229 p.
_c21 cm.
505 _a1. Normas de auditoria - 2. Análisis del contenido de la Resolución Técnica Nº7 - 3. El informe corto - 4. Opinión favorable sin salvedades - 5. Opinión favorable con salvedades(determinadas e indeterminadas) - 6. Abstención de opinón - 7. Opinón adversa - 8. Opinión parcial - 9. Opinión sobre los estados contables consolidados - 10. Informe sobre los estados contables de periodos intermedios - 11. Negocios de unico propietario - 12. Informe extenso - 13. Informes especiales - 14. Certificaciones.
942 _cBK
590 _aniveau_biblio:m niveau_hierar:0
100 1 _aCasal, Armando Miguel
700 1 _aWainstein, Mario
856 4 1 _uhttps://170.210.207.44/pmb/images/libros/L86153.jpg
_yImagen de portada
_qimage/jpeg
999 _c541
_d541